[Event "First Saturday Tournament Budapest IM Ap"]
[Site "Budapest"]
[Date "2010.04.08"]
[Round "6.4"]
[White "Szabo, Bence"]
[Black "Lyell, Mark"]
[Result "0-1"]
[WhiteElo "2326"]
[BlackElo "2179"]
[PlyCount "118"]
[EventDate "2010.04.03"]

1. d4 d5 2. c4 e5 3. dxe5 d4 4. Nf3 Nc6 5. a3 a5 6. e3 Bc5 7. exd4 Bxd4 8. Nxd4
Qxd4 9. Nc3 Qxd1+ 10. Nxd1 Nge7 11. f4 Nd4 12. Bd3 Bf5 13. Bxf5 Nexf5 14. O-O
O-O-O 15. Nc3 Nb3 16. Rb1 Rd3 17. Re1 Rhd8 18. Kf2 R8d4 19. g3 Rxc4 20. Be3
Nxe3 21. Rxe3 Rd2+ 22. Re2 Rcd4 23. Rbe1 Nc5 24. Nb1 Ne4+ 25. Kf3 R2d3+ 26. Kg2
Nd2 27. Nxd2 Rxd2 28. Kf3 Kd7 29. Ke3 R2d3+ 30. Kf2 c5 31. e6+ fxe6 32. Rxe6
Rd2+ 33. R1e2 Rxe2+ 34. Rxe2 b5 35. Ke3 Ke6 36. g4 Kd5 37. Rc2 c4 38. f5 Rxg4
39. Rd2+ Ke5 40. Rd7 Rg2 41. a4 b4 42. Ra7 Rxb2 43. Rxa5+ Kf6 44. Rc5 c3 45.
Kd3 Rxh2 46. a5 Ra2 47. Kc4 Rb2 48. a6 c2 49. Kb5 b3 50. Kb4 Ra2 51. Kxb3 Rxa6
52. Kxc2 Ra3 53. Kd2 Rf3 54. Ke2 Rxf5 55. Rc1 h5 56. Rh1 g6 57. Rh2 Rf4 58. Ke3
Kf5 59. Ra2 g5 0-1

[Event "First Saturday Tournament Budapest IM Ap"]
[Site "Budapest"]
[Date "2010.04.08"]
[Round "6.5"]
[White "Turzo, Attila"]
[Black "Franklin, Samuel G A"]
[Result "0-1"]
[WhiteElo "2290"]
[BlackElo "2196"]
[PlyCount "114"]
[EventDate "2010.04.03"]

1. e4 c5 2. Nc3 Nc6 3. f4 g6 4. Nf3 Bg7 5. Bb5 Nd4 6. O-O Nh6 7. d3 O-O 8. Nxd4
cxd4 9. Ne2 e6 10. Ba4 d5 11. Bb3 a5 12. a4 dxe4 13. dxe4 Qb6 14. Kh1 Ng4 15.
Ng3 Ne3 16. Bxe3 dxe3 17. e5 Rd8 18. Qe1 Bd7 19. Rf3 Bc6 20. Rxe3 Bh6 21. Ne4
Bxf4 22. Nf6+ Kg7 23. Re2 Bg5 24. Qg3 Bxf6 25. exf6+ Kg8 26. Qh3 Qc5 27. Rae1
Qf8 28. Qc3 Rd6 29. Rd2 Rxd2 30. Qxd2 Rd8 31. Qxa5 Qd6 32. Rg1 Qd2 33. Qc5 Qe2
34. Qg5 h6 35. Qg3 h5 36. h3 Kh7 37. Qc7 Rd7 38. Qf4 Rd2 39. Qg5 Qf2 40. Kh2
Re2 41. a5 Rd2 42. Bc4 Rxc2 43. b3 Rd2 44. Kh1 Qd4 45. Kh2 Rf2 46. a6 b5 47.
Bf1 Ra2 48. Qg3 Rxa6 49. Be2 Ra2 50. Bxh5 Qxf6 51. Bg4 Qf2 52. Bd1 Qxg3+ 53.
Kxg3 Bd5 54. h4 Rb2 55. Kf4 Rb1 56. h5 Bxb3 57. hxg6+ fxg6 0-1

[Event "First Saturday Tournament Budapest IM Ap"]
[Site "Budapest"]
[Date "2010.04.08"]
[Round "6.6"]
[White "Farago, Sandor"]
[Black "Brustkern, Juergen"]
[Result "1/2-1/2"]
[WhiteElo "2256"]
[BlackElo "2255"]
[PlyCount "52"]
[EventDate "2010.04.03"]

1. d4 Nf6 2. Nf3 g6 3. b3 Bg7 4. Bb2 d6 5. g3 O-O 6. Bg2 c6 7. O-O Bf5 8. Nbd2
Qc8 9. Re1 Bh3 10. Bh1 a5 11. e4 a4 12. e5 Nd5 13. c4 Nb4 14. Bc3 N4a6 15. b4
Nc7 16. a3 h6 17. Ne4 Qd8 18. Qd2 b5 19. exd6 exd6 20. c5 d5 21. Nd6 Nd7 22.
Ne5 Nxe5 23. dxe5 Ne6 24. Bd4 Qd7 25. Bf3 Nxd4 26. Qxd4 Be6 1/2-1/2

[Event "First Saturday Tournament Budapest IM Ap"]
[Site "Budapest"]
[Date "2010.04.09"]
[Round "7.3"]
[White "Lyell, Mark"]
[Black "Turzo, Attila"]
[Result "0-1"]
[WhiteElo "2179"]
[BlackElo "2290"]
[PlyCount "88"]
[EventDate "2010.04.03"]

1. e4 c5 2. Nc3 g6 3. f4 Bg7 4. Nf3 Nc6 5. Bb5 Nd4 6. O-O e6 7. e5 a6 8. Bd3
Nxf3+ 9. Qxf3 d5 10. exd6 Nf6 11. b3 O-O 12. Bb2 Qxd6 13. Na4 Nd5 14. Bxg7 Kxg7
15. Qf2 b6 16. Be4 Rb8 17. Bxd5 Qxd5 18. c4 Qd6 19. Rad1 Rd8 20. Rfe1 Qd4 21.
d3 Qxf2+ 22. Kxf2 Bd7 23. Nc3 Bc6 24. g3 Rd7 25. Rd2 Rbd8 26. Red1 f6 27. Ke3
e5 28. fxe5 fxe5 29. Rf1 Rd4 30. Rff2 Re8 31. Ke2 b5 32. Ke3 e4 33. dxe4 b4 34.
Nd5 Rexe4+ 35. Kf3 g5 36. Rfe2 g4+ 37. Kf2 Rxe2+ 38. Kxe2 Bxd5 39. cxd5 Rxd2+
40. Kxd2 Kf6 41. Ke3 Ke5 42. d6 Kxd6 43. Kf4 c4 44. bxc4 a5 0-1

[Event "First Saturday Tournament Budapest IM Ap"]
[Site "Budapest"]
[Date "2010.04.09"]
[Round "7.5"]
[White "Tran, Tuan Minh"]
[Black "Adams, Nick A"]
[Result "0-1"]
[WhiteElo "2203"]
[BlackElo "2246"]
[PlyCount "78"]
[EventDate "2010.04.03"]

1. d4 d5 2. c4 e6 3. Nc3 c5 4. cxd5 exd5 5. Nf3 Nc6 6. g3 Nf6 7. Bg2 Bg4 8. Be3
cxd4 9. Nxd4 Be7 10. O-O O-O 11. Qd2 Qd7 12. Rfd1 Rfe8 13. Nxc6 bxc6 14. Rac1
Bb4 15. a3 Ba5 16. b4 Bb6 17. Bxb6 axb6 18. Qb2 b5 19. Rd2 Bf5 20. e3 Be4 21.
Nxe4 Nxe4 22. Bxe4 Rxe4 23. Qb3 h5 24. f3 Rc4 25. Re1 h4 26. Kg2 h3+ 27. Kf2
Qa7 28. Rd3 d4 29. exd4 Rxd4 30. Rde3 Rd2+ 31. R1e2 Rad8 32. Ke1 Qd4 33. Re8+
Rxe8 34. Rxe8+ Kh7 35. Qe3 Qxe3+ 36. Rxe3 Rxh2 37. Kf1 Rh1+ 38. Kf2 Ra1 39. Re4
g5 0-1

[Event "First Saturday Tournament Budapest IM Ap"]
[Site "Budapest"]
[Date "2010.04.09"]
[Round "7.6"]
[White "Nguyen, Thi Mai Hung"]
[Black "Szalanczy, Emil"]
[Result "1-0"]
[WhiteElo "2224"]
[BlackElo "2280"]
[PlyCount "91"]
[EventDate "2010.04.03"]

1. d4 Nf6 2. Bf4 g6 3. e3 Bg7 4. Nf3 d6 5. h3 O-O 6. Be2 Nc6 7. O-O Nd5 8. Bh2
e5 9. c4 Nde7 10. Nc3 exd4 11. exd4 Nf5 12. d5 Ncd4 13. Nxd4 Nxd4 14. Bd3 Re8
15. Rb1 a6 16. Ne2 Nxe2+ 17. Bxe2 Qg5 18. Kh1 Bf5 19. Bd3 Be4 20. Bg3 h5 21.
Bxe4 Rxe4 22. Qd3 Rae8 23. b4 h4 24. Bh2 Rd4 25. Qb3 Re2 26. a3 Qf5 27. b5 axb5
28. Qxb5 Rdd2 29. Qxb7 Rxf2 30. Rxf2 Rxf2 31. Rg1 Rf1 32. Qa7 Qd3 33. Rxf1
Qxf1+ 34. Bg1 Qxc4 35. a4 Bc3 36. a5 Qxd5 37. a6 c5 38. Qb8+ Kh7 39. a7 Qd1 40.
a8=Q Bd4 41. Qg8+ Kh6 42. Qaf8+ Kh5 43. Qh7+ Kg5 44. Qhh6+ Kf5 45. Qxf7+ Ke4
46. Qhxg6+ 1-0

[Event "First Saturday Tournament Budapest IM Ap"]
[Site "Budapest"]
[Date "2010.04.10"]
[Round "8.3"]
[White "Szabo, Bence"]
[Black "Tran, Tuan Minh"]
[Result "0-1"]
[WhiteElo "2326"]
[BlackElo "2203"]
[PlyCount "86"]
[EventDate "2010.04.03"]

1. d4 e6 2. c4 Nf6 3. Nc3 Bb4 4. Qc2 Nc6 5. Nf3 d6 6. Bd2 Qe7 7. a3 Bxc3 8.
Bxc3 O-O 9. g3 e5 10. d5 Nb8 11. Nh4 Ne8 12. e4 g6 13. Bg2 Ng7 14. O-O f5 15.
exf5 g5 16. Nf3 Bxf5 17. Qd2 h6 18. Ne1 Nd7 19. b4 a5 20. Nc2 axb4 21. axb4 h5
22. Qe2 Qf7 23. Na3 Qg6 24. Rfc1 Nf6 25. Be1 g4 26. c5 Be4 27. Bxe4 Nxe4 28.
Nb5 Rxa1 29. Rxa1 Ng5 30. Nxc7 Nf5 31. Bc3 Nf3+ 32. Kh1 h4 33. gxh4 Qh7 34.
cxd6 e4 35. Qf1 Nxd6 36. Ne6 Qxh4 37. Qg2 Rc8 38. Bb2 Rc2 39. Bf6 Qxf6 40.
Qxg4+ Kf7 41. Qh5+ Ke7 42. Qh7+ Nf7 43. Ra8 Rxf2 0-1

[Event "First Saturday Tournament Budapest IM Ap"]
[Site "Budapest"]
[Date "2010.04.10"]
[Round "8.4"]
[White "Turzo, Attila"]
[Black "Lengyel, Bela"]
[Result "1/2-1/2"]
[WhiteElo "2290"]
[BlackElo "2267"]
[PlyCount "38"]
[EventDate "2010.04.03"]

1. e4 e5 2. Nf3 Nc6 3. Bb5 a6 4. Ba4 Nf6 5. O-O Be7 6. Re1 b5 7. Bb3 d6 8. c3
O-O 9. h3 Na5 10. Bc2 c5 11. d4 Qc7 12. Nbd2 Nc6 13. dxc5 dxc5 14. Nf1 Be6 15.
Ne3 Rad8 16. Qe2 c4 17. Ng5 h6 18. Nxe6 fxe6 19. b3 Bc5 1/2-1/2

[Event "First Saturday Tournament Budapest IM Ap"]
[Site "Budapest"]
[Date "2010.04.10"]
[Round "8.5"]
[White "Farago, Sandor"]
[Black "Lyell, Mark"]
[Result "1-0"]
[WhiteElo "2256"]
[BlackElo "2179"]
[PlyCount "36"]
[EventDate "2010.04.03"]

1. d4 Nf6 2. Nf3 c5 3. d5 e6 4. c4 b5 5. a4 bxc4 6. Nc3 exd5 7. Nxd5 Bb7 8. e4
Nxe4 9. Bxc4 Bd6 10. O-O O-O 11. Re1 f5 12. Rxe4 fxe4 13. Ng5 Bxh2+ 14. Kxh2 g6
15. b4 Rxf2 16. Nf6+ Kf8 17. Ne6+ Ke7 18. Nxd8 Kxd8 1-0

[Event "First Saturday Tournament Budapest IM Ap"]
[Site "Budapest"]
[Date "2010.04.10"]
[Round "8.6"]
[White "Brustkern, Juergen"]
[Black "Franklin, Samuel G A"]
[Result "1/2-1/2"]
[WhiteElo "2255"]
[BlackElo "2196"]
[PlyCount "90"]
[EventDate "2010.04.03"]

1. d4 Nf6 2. c4 g6 3. Nc3 Bg7 4. e4 d6 5. Nf3 O-O 6. h3 e5 7. d5 Na6 8. Bg5 Qe8
9. g4 Nd7 10. Rg1 Kh8 11. Be2 Ndc5 12. Nd2 f5 13. Be3 f4 14. Bxc5 Nxc5 15. b4
Na6 16. a3 c5 17. dxc6 bxc6 18. Nf3 Qe7 19. Qa4 Nb8 20. Rd1 a5 21. Kf1 Bb7 22.
b5 Qc7 23. Kg2 Nd7 24. Qc2 Nc5 25. Kh2 a4 26. bxc6 Bxc6 27. Nb5 Qe7 28. Nc3
Rfc8 29. Nd5 Qa7 30. Kg2 Rab8 31. Nc3 Bf8 32. Nd2 Ne6 33. Nf3 Qc5 34. Ra1 Rb3
35. Rgd1 Rxa3 36. Rxa3 Qxa3 37. Rb1 Ra8 38. Nb5 Qc5 39. Bd3 a3 40. Qb3 Be7 41.
Ra1 Bd8 42. Rxa3 Rxa3 43. Nxa3 Bb6 44. Qb2 Kg7 45. Nb5 Bxb5 1/2-1/2

[Event "First Saturday Tournament Budapest IM Ap"]
[Site "Budapest"]
[Date "2010.04.12"]
[Round "9.2"]
[White "Lyell, Mark"]
[Black "Brustkern, Juergen"]
[Result "1-0"]
[WhiteElo "2179"]
[BlackElo "2255"]
[PlyCount "143"]
[EventDate "2010.04.03"]

1. e4 Nf6 2. e5 Nd5 3. c4 Nb6 4. d4 d6 5. exd6 cxd6 6. Nc3 g6 7. Be3 Bg7 8. Rc1
O-O 9. b3 Nc6 10. Nge2 Bg4 11. h3 Bxe2 12. Bxe2 d5 13. c5 Nc8 14. Bb5 e6 15.
O-O N8e7 16. Qd2 Nf5 17. Bxc6 bxc6 18. Ne2 a5 19. Rc2 Qb8 20. Rd1 Re8 21. Bf4
e5 22. dxe5 Bxe5 23. Bxe5 Qxe5 24. Nd4 Nxd4 25. Qxd4 Qf5 26. Qc3 a4 27. Rcd2
Re4 28. f3 Ree8 29. b4 Rab8 30. a3 h5 31. Rb2 Qf4 32. Qd4 Qe3+ 33. Qxe3 Rxe3
34. Ra2 Kf8 35. Kf2 Rb3 36. Rd4 Re8 37. Rd1 Ree3 38. Rc1 Rbc3 39. Rxc3 Rxc3 40.
h4 Ke7 41. Kg3 Kf6 42. Kf4 Rc4+ 43. Kg3 Rc3 44. Kf4 Rc4+ 45. Kg3 Ke6 46. Re2+
Kd7 47. Re3 Rc2 48. Rd3 f6 49. f4 Ke6 50. Kf3 Rb2 51. g3 Kf5 52. Ke3 Rc2 53.
Kf3 Rc4 54. b5 Rxc5 55. bxc6 Ke6 56. f5+ gxf5 57. Re3+ Kd6 58. Re8 Rxc6 59. Kf4
Kd7 60. Ra8 Ke6 61. Rxa4 Rc4+ 62. Rxc4 dxc4 63. Ke3 Kd5 64. Kd2 Kd4 65. Kc2 f4
66. gxf4 f5 67. a4 Kd5 68. Kc3 Kc5 69. a5 Kb5 70. a6 Kxa6 71. Kxc4 Kb6 72. Kd5
1-0

[Event "First Saturday Tournament Budapest IM Ap"]
[Site "Budapest"]
[Date "2010.04.12"]
[Round "9.3"]
[White "Lengyel, Bela"]
[Black "Farago, Sandor"]
[Result "1/2-1/2"]
[WhiteElo "2267"]
[BlackElo "2256"]
[PlyCount "37"]
[EventDate "2010.04.03"]

1. e4 c5 2. Nf3 d6 3. d4 cxd4 4. Nxd4 Nf6 5. Nc3 a6 6. Be2 g6 7. O-O Bg7 8. Kh1
O-O 9. f4 Nbd7 10. Bf3 Qc7 11. Be3 Nb6 12. Qe1 Nc4 13. Bc1 e5 14. Nde2 Bg4 15.
b3 Nb6 16. fxe5 dxe5 17. Bg5 Nbd7 18. a4 h6 19. Be3 1/2-1/2

[Event "First Saturday Tournament Budapest IM Ap"]
[Site "Budapest"]
[Date "2010.04.12"]
[Round "9.4"]
[White "Tran, Tuan Minh"]
[Black "Turzo, Attila"]
[Result "1/2-1/2"]
[WhiteElo "2203"]
[BlackElo "2290"]
[PlyCount "219"]
[EventDate "2010.04.03"]

1. d4 Nf6 2. c4 e6 3. Nf3 Bb4+ 4. Nbd2 b6 5. a3 Bxd2+ 6. Bxd2 h6 7. g3 Bb7 8.
Bg2 d6 9. O-O Nbd7 10. Qa4 O-O 11. Rfd1 Qe7 12. b4 Ne4 13. Be1 f5 14. e3 c5 15.
Rac1 Rfd8 16. Qb3 Nf8 17. a4 g5 18. h3 Ng6 19. a5 h5 20. b5 Rac8 21. Nh2 g4 22.
hxg4 hxg4 23. Qb1 Qg5 24. d5 exd5 25. cxd5 Re8 26. Rc4 Nf6 27. Bc3 Rc7 28. axb6
axb6 29. Ra4 Rh7 30. Bxf6 Qxf6 31. Qc2 Qg5 32. Nf1 Rf8 33. Rd2 Qh5 34. Rd1 Rff7
35. Qe2 Rfg7 36. Rda1 Ne5 37. Rf4 Nf3+ 38. Rxf3 gxf3 39. Bxf3 Qg5 40. Ra4 Rh4
41. Ra7 Rb4 42. Bg2 Qg4 43. Qd3 Rf7 44. Qa3 Kh7 45. Qa1 Qe2 46. Rxb7 Rxb7 47.
Qf6 Qg4 48. Qxd6 Qg6 49. Qc6 Rf7 50. d6 Qf6 51. Qxb6 Rd7 52. Qxc5 Rb2 53. b6
Rxd6 54. b7 Rdb6 55. Qc8 Qf7 56. Bf3 Rxb7 57. Bxb7 Rxb7 58. Qc2 Qd5 59. Qe2 Kh6
60. f3 Re7 61. Qb2 Kg6 62. Qg2 Kf6 63. Qb2+ Kf7 64. Qg2 Re8 65. Qf2 Qd3 66.
Qa2+ Kg6 67. Qa4 Re6 68. Qa8 Kf7 69. Qh8 Qd5 70. Qh7+ Ke8 71. Qh8+ Kd7 72. Qh5
Kc6 73. Kf2 Kc5 74. Qh8 Rb6 75. Qc3+ Kb5 76. Qb2+ Ka6 77. Qa3+ Kb7 78. Qe7+ Ka8
79. Qa3+ Kb8 80. Qf8+ Ka7 81. Qe7+ Rb7 82. Qa3+ Kb6 83. Qb4+ Kc6 84. Qc3+ Kd7
85. Qg7+ Kd6 86. Qf6+ Qe6 87. Qd4+ Kc7 88. Qc5+ Kd7 89. Qd4+ Kc8 90. Qh8+ Kc7
91. Qc3+ Kb8 92. Qh8+ Ka7 93. Qa1+ Kb6 94. Qd4+ Kc7 95. g4 fxg4 96. fxg4 Rb6
97. Ng3 Qf7+ 98. Qf4+ Qxf4+ 99. exf4 Kd6 100. g5 Ke6 101. Kf3 Rb1 102. Kg4 Rg1
103. f5+ Ke5 104. g6 Kf6 105. Kf4 Kg7 106. Nh5+ Kh6 107. Ng3 Ra1 108. Ke5 Ra5+
109. Kf6 Ra6+ 110. Kf7 1/2-1/2

[Event "First Saturday Tournament Budapest IM Ap"]
[Site "Budapest"]
[Date "2010.04.12"]
[Round "9.5"]
[White "Nguyen, Thi Mai Hung"]
[Black "Szabo, Bence"]
[Result "1-0"]
[WhiteElo "2224"]
[BlackElo "2326"]
[PlyCount "127"]
[EventDate "2010.04.03"]

1. d4 Nf6 2. Bf4 e6 3. e3 c5 4. c3 Qb6 5. Qb3 d5 6. Nd2 Nc6 7. Bd3 c4 8. Qxb6
axb6 9. Bc2 b5 10. Ne2 Be7 11. h3 b4 12. O-O O-O 13. e4 b5 14. Be3 bxc3 15.
bxc3 b4 16. e5 Nd7 17. Rfd1 Nb6 18. Nf3 Bd7 19. Bg5 Bxg5 20. Nxg5 h6 21. Nf3
bxc3 22. Nxc3 Ra3 23. Nb1 Ra6 24. Rd2 Rfa8 25. Bd1 Nb4 26. a3 Nc6 27. Raa2 Na7
28. Ne1 Nb5 29. Nc2 Ra5 30. f4 Na4 31. Bf3 Nac3 32. Nxc3 Nxc3 33. Ra1 Ba4 34.
Ne3 Bb3 35. f5 Rxa3 36. Rf1 Ra1 37. fxe6 Rxf1+ 38. Kxf1 fxe6 39. Bg4 Ra6 40.
Kg1 Nb5 41. Bh5 c3 42. Rf2 Nxd4 43. Bg6 Ra2 44. Rf1 Re2 45. Ng4 Bc2 46. Bf7+
Kh7 47. h4 Be4 48. Nf2 c2 49. h5 Nb3 50. Nxe4 dxe4 51. Bxe6 c1=Q 52. Rxc1 Nxc1
53. Bf7 Rb2 54. e6 Ne2+ 55. Kh2 e3 56. e7 Rb8 57. e8=Q Rxe8 58. Bxe8 Nf4 59.
Kg3 e2 60. Kf2 Nxg2 61. Kxe2 Nf4+ 62. Kf3 Nd5 63. Bf7 Nf6 64. Kf4 {Time} 1-0

[Event "First Saturday Tournament Budapest IM Ap"]
[Site "Budapest"]
[Date "2010.04.13"]
[Round "10.2"]
[White "Szabo, Bence"]
[Black "Szalanczy, Emil"]
[Result "1/2-1/2"]
[WhiteElo "2326"]
[BlackElo "2280"]
[PlyCount "68"]
[EventDate "2010.04.03"]

1. d4 c5 2. d5 e6 3. c4 exd5 4. cxd5 d6 5. Nc3 g6 6. e4 Bg7 7. Bd3 Nh6 8. Bf4
Ng4 9. Bb5+ Bd7 10. Bxd7+ Qxd7 11. Nf3 O-O 12. O-O b5 13. a3 Re8 14. Re1 Na6
15. h3 Nf6 16. e5 dxe5 17. Nxe5 Qb7 18. d6 c4 19. a4 b4 20. Nb5 Qd5 21. Bg3 b3
22. Qxd5 Nxd5 23. Nxc4 Rec8 24. Na5 Nc5 25. Rad1 Nb6 26. Nc7 Bxb2 27. Nxa8 Rxa8
28. Be5 Bxe5 29. Rxe5 Nbd7 30. Re3 Rb8 31. Nc6 Rb6 32. Na5 b2 33. Rb1 Nxa4 34.
Ra3 Rb4 {after 33 move} 1/2-1/2

[Event "First Saturday Tournament Budapest IM Ap"]
[Site "Budapest"]
[Date "2010.04.13"]
[Round "10.3"]
[White "Turzo, Attila"]
[Black "Nguyen, Thi Mai Hung"]
[Result "1/2-1/2"]
[WhiteElo "2290"]
[BlackElo "2224"]
[PlyCount "167"]
[EventDate "2010.04.03"]

1. e4 c5 2. Nc3 g6 3. f4 Bg7 4. Nf3 Nc6 5. Bb5 Nd4 6. O-O a6 7. Bc4 b5 8. Bd5
Rb8 9. e5 e6 10. Be4 d5 11. Bd3 Nxf3+ 12. Qxf3 Ne7 13. b3 Bb7 14. Qf2 Qc7 15.
Bb2 O-O 16. Rae1 Rfd8 17. Nd1 Rbc8 18. c3 d4 19. c4 Nc6 20. Qe2 Nb4 21. Bb1
bxc4 22. bxc4 d3 23. Qf2 Nc2 24. Bxc2 dxc2 25. Ne3 Be4 26. Bc3 Qc6 27. Rc1 Qa4
28. Ng4 Qxc4 29. Rfe1 Bf5 30. Ne3 Qa4 31. g4 Bd3 32. f5 Rb8 33. Qh4 exf5 34.
Qe7 Re8 35. Qd6 Rbd8 36. Qxc5 Bf8 37. Qc7 Rc8 38. Qb7 Rb8 39. Qd5 Rbd8 40. Qb7
Rb8 41. Qd5 Rbd8 42. Qb3 Qf4 43. Rf1 Qg5 44. Qb6 f4 45. h4 Qxh4 46. Rxf4 Bh6
47. Ng2 Qg3 48. e6 fxe6 49. Qc7 Bf5 50. gxf5 Rc8 51. Qe5 Rxc3 52. dxc3 Bxf4 53.
Qxf4 Qxc3 54. fxg6 hxg6 55. Ne3 Rc8 56. Qe4 Kf7 57. Qf4+ Kg7 58. Rxc2 Qe1+ 59.
Kg2 Rxc2+ 60. Nxc2 Qd2+ 61. Qf2 Qd5+ 62. Kg3 Qxa2 63. Qa7+ Kf6 64. Ne3 Qa3 65.
Qd4+ Kf7 66. Kf4 Qe7 67. Ng4 g5+ 68. Kg3 Qc7+ 69. Kh3 Qf4 70. Qd7+ Kf8 71. Qxe6
Qf3+ 72. Kh2 Qf4+ 73. Kg2 Qd2+ 74. Kf3 Qd1+ 75. Ke4 Qe1+ 76. Ne3 Qa5 77. Qd6+
Kf7 78. Nd5 Qe1+ 79. Kd4 Qf2+ 80. Kc4 Qf5 81. Qc7+ Kf8 82. Qe7+ Kg8 83. Nf6+
Kh8 84. Qf8# 1/2-1/2

[Event "First Saturday Tournament Budapest IM Ap"]
[Site "Budapest"]
[Date "2010.04.13"]
[Round "10.4"]
[White "Farago, Sandor"]
[Black "Tran, Tuan Minh"]
[Result "1/2-1/2"]
[WhiteElo "2256"]
[BlackElo "2203"]
[PlyCount "162"]
[EventDate "2010.04.03"]

1. c4 e6 2. Nf3 Nf6 3. g3 b6 4. Bg2 Bb7 5. O-O c5 6. b3 Be7 7. Bb2 O-O 8. d3 d5
9. Na3 Nc6 10. Nc2 Qc7 11. cxd5 Nxd5 12. Rc1 Rfd8 13. Qe1 Rac8 14. a3 Qb8 15.
e4 Nc7 16. Qe3 Rd7 17. Rfd1 Rcd8 18. b4 Nb5 19. h4 Ncd4 20. Ncxd4 Nxd4 21. Nxd4
cxd4 22. Qe2 Bf6 23. f4 e5 24. Qf2 Qd6 25. Bh3 Rc7 26. Rxc7 Qxc7 27. Rc1 Qe7
28. h5 exf4 29. gxf4 Bh4 30. Qf3 h6 31. Bf5 Ba6 32. Kg2 Qe8 33. Qh3 Be7 34. Rc7
Bd6 35. Rxa7 Qa4 36. Bxd4 Bb8 37. Ra8 Qc2+ 38. Bf2 Bb7 39. Rxb8 Rxb8 40. Qe3
Bc8 41. Bxc8 Qxc8 42. f5 f6 43. d4 Qc2 44. Qf4 Rc8 45. e5 fxe5 46. dxe5 Rf8 47.
f6 gxf6 48. Qxh6 Qe4+ 49. Kg1 Qg4+ 50. Kf1 fxe5 51. Qxb6 Qxh5 52. a4 Qd1+ 53.
Kg2 Rf7 54. Qe3 Qd5+ 55. Kf1 Rf4 56. Qg3+ Kf7 57. Qh3 Qd1+ 58. Kg2 Qg4+ 59.
Qxg4 Rxg4+ 60. Kf3 Rxb4 61. a5 Ra4 62. Bb6 Ke6 63. Ke3 Kd5 64. Kd3 Ra3+ 65. Kc2
Kc4 66. Kd2 e4 67. Ke2 Kd5 68. Kd2 Ke5 69. Ke2 Kf5 70. Kf2 Ra2+ 71. Ke3 Rb2 72.
Bc5 Rb3+ 73. Ke2 Ke5 74. a6 Rb2+ 75. Ke3 Ra2 76. a7 Kf5 77. Bb6 Ra3+ 78. Ke2
Ra2+ 79. Ke3 Ra3+ 80. Ke2 Ra2+ 81. Ke3 Ra3+ 1/2-1/2

[Event "First Saturday Tournament Budapest IM Ap"]
[Site "Budapest"]
[Date "2010.04.13"]
[Round "10.5"]
[White "Brustkern, Juergen"]
[Black "Lengyel, Bela"]
[Result "0-1"]
[WhiteElo "2255"]
[BlackElo "2267"]
[PlyCount "110"]
[EventDate "2010.04.03"]

1. e4 e5 2. Nc3 Nf6 3. f4 d5 4. fxe5 Nxe4 5. Nf3 Be7 6. Qe2 Nxc3 7. dxc3 O-O 8.
Bf4 c5 9. O-O-O Nc6 10. Qf2 Qa5 11. Kb1 Be6 12. Qg3 f6 13. Bh6 Rf7 14. exf6
Bxf6 15. Ng5 Bxg5 16. Bxg5 Raf8 17. Qd6 Bg4 18. Re1 c4 19. Be2 Bxe2 20. Rxe2 d4
21. Bd2 Rf6 22. Qd7 Qf5 23. Qxf5 Rxf5 24. cxd4 Nxd4 25. Re4 Nc6 26. g4 Rf1+ 27.
Rxf1 Rxf1+ 28. Bc1 c3 29. bxc3 Kf7 30. Kb2 Rf6 31. g5 Re6 32. Rf4+ Kg6 33. c4
Re5 34. h4 Re7 35. Bd2 Kh5 36. Bc3 g6 37. Kb3 Nd8 38. Bb4 Ne6 39. Rf6 Nd4+ 40.
Kc3 Rd7 41. Bc5 Nf5 42. Bxa7 Kxh4 43. Bf2+ Kxg5 44. Rf8 h5 45. c5 h4 46. Rh8
Kg4 47. Kb4 Rd2 48. Bxh4 Nxh4 49. Kc3 Rd7 50. Kb4 g5 51. a4 Nf5 52. a5 Kf4 53.
a6 bxa6 54. c6 Rc7 55. Kc5 Ne7 0-1

[Event "First Saturday Tournament Budapest IM Ap"]
[Site "Budapest"]
[Date "2010.04.13"]
[Round "10.6"]
[White "Franklin, Samuel G A"]
[Black "Lyell, Mark"]
[Result "1/2-1/2"]
[WhiteElo "2196"]
[BlackElo "2179"]
[PlyCount "74"]
[EventDate "2010.04.03"]

1. e4 e5 2. Nf3 Nc6 3. Bb5 f5 4. Nc3 fxe4 5. Nxe4 Nf6 6. Nxf6+ Qxf6 7. Qe2 Be7
8. Bxc6 bxc6 9. Nxe5 Qe6 10. Nf3 d6 11. d3 Rb8 12. Qxe6 Bxe6 13. b3 Bf6 14. Rb1
Bd5 15. O-O O-O 16. Re1 Bxf3 17. gxf3 Be5 18. f4 Bxf4 19. Bxf4 Rxf4 20. Re7 Rf7
21. Rbe1 Rbf8 22. Rxf7 Kxf7 23. Re4 Rb8 24. Ra4 Rb7 25. Kg2 c5 26. Kf3 Ke6 27.
Rh4 h6 28. Re4+ Kf7 29. Rf4+ Ke7 30. Re4+ Kf7 31. Rf4+ Ke7 32. Re4+ Kf8 33.
Rf4+ Kg8 34. Re4 Rb8 35. Ra4 Rb7 36. Re4 Rb8 37. Ra4 Rb7 1/2-1/2

[Event "First Saturday Tournament Budapest IM Ap"]
[Site "Budapest"]
[Date "2010.04.14"]
[Round "11.2"]
[White "Lengyel, Bela"]
[Black "Franklin, Samuel G A"]
[Result "1/2-1/2"]
[WhiteElo "2267"]
[BlackElo "2196"]
[PlyCount "59"]
[EventDate "2010.04.03"]

1. e4 c5 2. Nf3 d6 3. d4 cxd4 4. Nxd4 Nf6 5. Nc3 g6 6. Be2 Bg7 7. O-O O-O 8.
Kh1 Nc6 9. Nb3 a6 10. Be3 b5 11. a4 b4 12. Nd5 Nxe4 13. Bf3 f5 14. Bxe4 fxe4
15. Nb6 Be6 16. Nxa8 Qxa8 17. Nd4 Nxd4 18. Bxd4 Bh6 19. c3 b3 20. Qe2 Qc6 21.
Rfe1 Bd5 22. a5 Rf5 23. c4 Bxc4 24. Qxe4 Qxe4 25. Rxe4 e5 26. Bc3 Bd5 27. Re2
Bc4 28. Re4 Bd5 29. Re2 Bc4 30. Re4 1/2-1/2

[Event "First Saturday Tournament Budapest IM Ap"]
[Site "Budapest"]
[Date "2010.04.14"]
[Round "11.3"]
[White "Tran, Tuan Minh"]
[Black "Brustkern, Juergen"]
[Result "1-0"]
[WhiteElo "2203"]
[BlackElo "2255"]
[PlyCount "109"]
[EventDate "2010.04.03"]

1. d4 d5 2. Nf3 Nc6 3. Bf4 Bg4 4. e3 e6 5. c4 Bd6 6. Bg3 Nge7 7. Nc3 O-O 8. Be2
a6 9. a3 Rb8 10. b4 Bxf3 11. gxf3 dxc4 12. Bxc4 e5 13. d5 Na7 14. O-O Nac8 15.
Kh1 f5 16. f4 e4 17. Bb3 Kh8 18. Ne2 Qd7 19. Nd4 Nb6 20. Ne6 Rf6 21. Bh4 Rg6
22. Rc1 Nexd5 23. Nc5 Qf7 24. Na4 Nxa4 25. Bxd5 Qe8 26. Qb3 Qd7 27. Bf7 Rh6 28.
Bg5 Rf8 29. Bxh6 Rxf7 30. Bg5 b5 31. Rc2 Nb6 32. Rfc1 h6 33. Bh4 Qe8 34. Bd8
Nc4 35. Rxc4 bxc4 36. Qxc4 Rd7 37. Bh4 Qh5 38. Qe6 Rf7 39. Bg3 Rf8 40. Qc4 g5
41. Qd4+ Kg8 42. fxg5 f4 43. gxh6 Rf7 44. exf4 Qf3+ 45. Kg1 Qxa3 46. Rd1 Qxb4
47. Qd5 Kf8 48. Qa8+ Ke7 49. Bh4+ Kd7 50. Qd8+ Kc6 51. Qe8+ Rd7 52. Rc1+ Bc5
53. Be7 Kb7 54. Qxd7 Bxf2+ 55. Kg2 1-0

[Event "First Saturday Tournament Budapest IM Ap"]
[Site "Budapest"]
[Date "2010.04.14"]
[Round "11.5"]
[White "Szalanczy, Emil"]
[Black "Turzo, Attila"]
[Result "0-1"]
[WhiteElo "2280"]
[BlackElo "2290"]
[PlyCount "114"]
[EventDate "2010.04.03"]

1. e4 c5 2. Nf3 g6 3. d4 cxd4 4. Nxd4 Nc6 5. Nc3 Bg7 6. Be3 Nf6 7. Bc4 O-O 8.
Bb3 a5 9. a4 Ng4 10. Qxg4 Nxd4 11. Qh4 d6 12. Nd5 Re8 13. Bg5 Bf8 14. O-O Be6
15. Rfd1 Nxb3 16. cxb3 Bxd5 17. Rxd5 Bg7 18. Rad1 Ra6 19. e5 Qc7 20. exd6 Rxd6
21. Qc4 Qxc4 22. bxc4 Bxb2 23. Rb1 Rxd5 24. cxd5 Ba3 25. Rxb7 Rd8 26. Rb5 Bb4
27. Kf1 Rc8 28. Bh6 f6 29. h4 Kf7 30. g4 Ke8 31. d6 exd6 32. Rb7 Rc4 33. f3 f5
34. gxf5 Rxh4 35. Rb8+ Kd7 36. Bg5 Rh1+ 37. Kg2 Rh5 38. f4 gxf5 39. Rd8+ Kc6
40. Rf8 h6 41. Bf6 Kd5 42. Rc8 Bd2 43. Bd8 Bxf4 44. Bxa5 Rh2+ 45. Kf3 Ra2 46.
Kxf4 Rxa4+ 47. Kxf5 Rxa5 48. Rh8 Ra1 49. Rxh6 Rf1+ 50. Kg4 Kc5 51. Kg3 d5 52.
Kg2 Rf8 53. Rh1 d4 54. Rf1 Rxf1 55. Kxf1 Kc4 56. Ke1 Kc3 57. Kd1 Kd3 0-1